Thế giới nhân vật trong truyện đồng thoại của Võ Quảng Khóa luận tốt nghiệp : Ngành Đào tạo: Giáo dục Tiểu học ; Trình độ : Đại học

সংরক্ষণ করুন:
গ্রন্থ-পঞ্জীর বিবরন
প্রধান লেখক: Vũ, Thị Thúy Kiều
অন্যান্য লেখক: Phạm, Thị Minh Hiếu (Hướng dẫn), Trịnh, Thị Ngọc Diễm
বিন্যাস: সজ্জা গ্রন্থ
প্রকাশিত: Đồng Tháp Trường Đại học Đồng Tháp 2015
বিষয়গুলি:
ট্যাগগুলো: ট্যাগ যুক্ত করুন
কোনো ট্যাগ নেই, প্রথমজন হিসাবে ট্যাগ করুন!
Thư viện lưu trữ: Trung tâm Học liệu Lê Vũ Hùng, Trường Đại học Đồng Tháp
LEADER 01242ppm a22002658a 4500
001 00042091
005 20190111140116.0
008 110830s2007 ||||||Viesd
041 0 # |a Vie 
082 1 4 |a 895.922 100 9  |b TH250GI 
100 1 # |a Vũ, Thị Thúy Kiều 
245 1 0 |a Thế giới nhân vật trong truyện đồng thoại của Võ Quảng  |b Khóa luận tốt nghiệp : Ngành Đào tạo: Giáo dục Tiểu học ; Trình độ : Đại học  |c Vũ Thị Thúy Kiều;Trịnh Thị Ngọc Diễm; Phạm Thị Minh Hiếu(hướng dẫn) 
260 # # |a Đồng Tháp  |b Trường Đại học Đồng Tháp  |c 2015 
300 # # |a 66 tr.  |b hình ảnh  |c 29 cm.  |e 1 bản tóm tắt 
500 # # |a ĐTTS ghi: Trường Đại học Đồng Tháp.Khoa GDTH -MN 
653 # # |a Khóa luận 
653 # # |a Việt Nam 
653 # # |a Truyện đồng thoại 
653 # # |a Thơ 
653 # # |a Nghiên cứu văn học 
700 1 # |e Hướng dẫn  |a Phạm, Thị Minh Hiếu 
700 1 # |a Trịnh, Thị Ngọc Diễm 
852 # # |j KD.0024665 
910 # # |d 15/08/2018 
980 # # |a Trung tâm Học liệu Lê Vũ Hùng, Trường Đại học Đồng Tháp